Lecturas americanas
Salvato in:
| Autore principale: | |
|---|---|
| Natura: | Libro |
| Lingua: | spagnolo |
| Pubblicazione: |
Santiago
Zig-Zag
1943
|
| Edizione: | 2a. ed |
| Serie: | Biblioteca Conocimientos
|
| Soggetti: | |
| Tags: |
Aggiungi Tag
Nessun Tag, puoi essere il primo ad aggiungerne!!
|
MARC
| LEADER | 00000nam a2200000 a 4500 | ||
|---|---|---|---|
| 001 | UCH2218 | ||
| 003 | CL-VaPUC | ||
| 008 | 090604e19430000CL |||||||||||||||||spa|d | ||
| 082 | 0 | 4 | |a H868 |b SCA |2 21 |
| 100 | 0 | |a Scarpa, Roque Esteban |e author |9 368404 | |
| 245 | 1 | 0 | |a Lecturas americanas |
| 250 | |a 2a. ed | ||
| 300 | |a 636 p | ||
| 942 | |c BK | ||
| 945 | |d 20090604 00:00:00 |a rbrito | ||
| 260 | |a Santiago |b Zig-Zag |c 1943 | ||
| 650 | 0 | |a Ensayos chilenos |9 269132 | |
| 650 | 7 | |a NOVELA HISPANOAMERICANA |2 CL-VaPUC |9 309990 | |
| 650 | 0 | |a Poesías hispanoamericanas |9 267672 | |
| 650 | 0 | |a Cuentos chilenos |9 308280 | |
| 583 | |a last modification |c 20090604 00:00:00 |k Rodrigo Vera | ||
| 490 | 0 | |a Biblioteca Conocimientos | |
| 999 | |c 334005 |d 334003 | ||
| 952 | |0 0 |1 0 |4 0 |6 H_868_000000000000000_SCA_1943 |7 0 |8 X |9 422707 |a FDOBUD |b FDOBUD |d 2019-11-22 |i 4555465 |o H868 SCA 1943 |p 4555465 |r 2019-11-22 |w 2019-11-22 |y BK_X |k BUD | ||